Kỹ thuật xây dựng ứng dụng ASP.net
Trình bày những kiến thức cơ bản nhằm giới thiệu đến thuộc tính, phương thức và cách sử dụng môi trường trực quan visual studio 2005, ứng dụng các phiên bản mới với những cải tiến tối ưu
Сохранить в:
| Главный автор: | |
|---|---|
| Другие авторы: | |
| Язык: | Undetermined |
| Опубликовано: |
Hà Nội
Lao động - Xã hội
2008
|
| Предметы: | |
| Метки: |
Добавить метку
Нет меток, Требуется 1-ая метка записи!
|
| Thư viện lưu trữ: | Trung tâm Học liệu Trường Đại học Trà Vinh |
|---|
| LEADER | 01006nam a2200265Ia 4500 | ||
|---|---|---|---|
| 001 | TVU_1249 | ||
| 008 | 210423s9999 xx 000 0 und d | ||
| 041 | |a Vie | ||
| 082 | |a 5.133 | ||
| 082 | |b L105 | ||
| 100 | |a Nguyễn, Văn Lân | ||
| 245 | 0 | |a Kỹ thuật xây dựng ứng dụng ASP.net | |
| 245 | 0 | |c Nguyễn Văn Lân (chủ biên) ; Phương Lan (hiệu đính) | |
| 260 | |a Hà Nội | ||
| 260 | |b Lao động - Xã hội | ||
| 260 | |c 2008 | ||
| 300 | |a 215 tr. | ||
| 300 | |b Minh họa | ||
| 300 | |c 24 cm | ||
| 504 | |a Phụ chú: tr.7-9 | ||
| 520 | |a Trình bày những kiến thức cơ bản nhằm giới thiệu đến thuộc tính, phương thức và cách sử dụng môi trường trực quan visual studio 2005, ứng dụng các phiên bản mới với những cải tiến tối ưu | ||
| 650 | |a Phát triển trang Web; Trang chủ | ||
| 700 | |a Nguyễn Văn Lân ; Phương Lan | ||
| 700 | |e Hiệu đính | ||
| 980 | |a Trung tâm Học liệu Trường Đại học Trà Vinh | ||